000 00536nam a22002057a 4500
010 _aA-709090
020 _a8120716582
035 _aA-709090
037 _aCen Lib/Ret
040 _aDPL
_bEn
082 _aS
_bDAS
100 _aWishan Dass
_9114197
245 _aThe infinite search /
_cby Wishan Dass
260 _aDelhi ;
_bSterling Paperbacks
_c1994
270 _aLaser Print Craft,
_bDelhi
_e110016
300 _a88p ;
_b24cm(Hb)
650 _aEnglish story
_9114198
650 _astory
_912604
942 _2ddc
_cEN
_hS
_mDAS
999 _c136203
_d136203